000 00741nam a2200205Ia 4500
001 1315
003 GE_BSU
008 181216s||||||||xx |||||||||||||| ||und||
040 _cGE_BSU
080 _a57(069)+502
100 _aჯაყელი, ქრ; ჯაყელი, ოთ;
245 _aბუნებრივი რესურსების გამოყენება და ბუნების დაცვა.
260 _aთბილისი
260 _bთბილისის უნ-ტის გამ-ბა.
260 _c1977
300 _a130 გვ. 19 სმ.
541 _h4 ლ.
653 _aბუნებრივი რესურსების გამოყენება
942 _cBK
999 _c35457
_d35457